| 000 | 00436cam a2200181ua 4500 | ||
|---|---|---|---|
| 020 | _c3.00 | ||
| 041 |
_ahin _h |
||
| 082 |
_a891.43 _bYAN/JA |
||
| 100 | _aYanjdath, Sharma . | ||
| 245 |
_aJayasi sahithya our sidhanth / _cYanjdath sharma. _hTextual Documents |
||
| 250 |
_a1 / _b. |
||
| 260 |
_a : _bAtmaram and sons , _c1955. |
||
| 300 | _a120 ; . | ||
| 365 | _a3.00 | ||
| 504 | _a | ||
| 942 | _cBK | ||
| 999 |
_c12245 _d12245 |
||